|
|
|
|
| LEADER |
00000nab a2200000 a 4500 |
| 001 |
vtls008875418 |
| 003 |
SK-MaSNL |
| 005 |
20260304144909.0 |
| 008 |
250505c2005 xo 0 slo |
| 015 |
|
|
|a SNBCL2005/5
|
| 035 |
|
|
|a SLK037268
|
| 035 |
|
|
|a urn:nbn:sk:snk-abyg4
|
| 035 |
|
|
|a (urnnbn)urn:nbn:sk:snk:ar-a05mq8
|
| 035 |
|
|
|a (uuid)752ab3e9-b08c-4b80-9632-36b2e2c6d4e9
|
| 040 |
|
|
|a SNKBUCL
|b slo
|c SNKBUCL
|e AACR2
|
| 041 |
0 |
|
|a slo
|b eng
|b slo
|
| 044 |
|
|
|a xo
|c SK
|
| 080 |
|
|
|a 575:577.175.6:159.9
|2 1981
|
| 245 |
0 |
0 |
|a Modulačný účinok genetických polymorfizmov na vzťah testosterónu a špecifických kognitívnych schopností
|c R. Gardlík ...[et al.]
|
| 246 |
1 |
0 |
|a Modulating effect of genetic polymorphisms on the relationship of testosterone and specific cognitive abilities
|
| 246 |
1 |
1 |
|a Modulating effect of genetic polymorphisms on the relationship of testosterone and specific cognitive abilities
|
| 504 |
|
|
|a Res. angl., slov.
|
| 504 |
|
|
|a Bibliogr. odkazy
|
| 650 |
0 |
7 |
|a polymorfizmus genetický
|2 MESH
|9 1382475
|
| 650 |
0 |
7 |
|a hormóny gonadálne steroidové
|x metabolizmus
|2 MESH
|9 1466856
|
| 650 |
0 |
7 |
|a testosterón
|2 MESH
|9 14956
|
| 650 |
0 |
7 |
|a mužské pohlavné hormóny
|2 MESH
|9 113376
|
| 700 |
1 |
|
|a Gardlík, Roman
|4 aut
|9 810546
|
| 700 |
1 |
|
|a Ostatníková, Daniela,
|d 1957-
|4 aut
|9 197021
|
| 700 |
1 |
|
|a Holešová, Zuzana
|c Katedra biochémie, Prírodovedecká fakulta UK, Bratislava
|4 aut
|9 1466857
|
| 700 |
1 |
|
|a Minárik, Gabriel
|c (biológ)
|4 aut
|9 218474
|
| 700 |
1 |
|
|a Ficek, Andrej
|4 aut
|9 26392
|
| 700 |
1 |
|
|a Putz, Zdeněk
|c Národný endokrinologický a diabetologický ústav, Ľubochňa
|4 aut
|9 1466858
|
| 700 |
1 |
|
|a Celec, Peter,
|d 1980-
|4 aut
|9 156241
|
| 773 |
0 |
|
|t Psychiatria
|g Roč. 12, č. 4 (2005), s. 161-164
|x 1335-423X
|
| 850 |
|
|
|a Slovenská národná knižnica
|
| 852 |
|
|
|a Slovenská národná knižnica
|
| 954 |
|
|
|a odborná, vedecká literatúra pôvodná (slovenská)
|2 lita
|
| 958 |
|
|
|a article27
|
| 958 |
|
|
|a OND
|
| 958 |
|
|
|a EUIPO
|
| 999 |
|
|
|c 2933829
|d 2935759
|